000 00197 a2200097 4500
020 _a9788423925858
041 _aspa
100 _aEscriva, Vivi
245 _aCuando Lia dibujo el mundo
942 _cBK
999 _c12037
_d12037